000 01355nam a2200361 a 4500
001 000039528
003 DO-SdBNP
005 20260305073951.0
007 ta
008 130705s1973 dr 000 0 spa d
040 _aDO-SdBNP
_bspa
_cBNPHU
082 4 _a972.9302
_bM938L, 1973
_222
100 1 _aMoya Pons, Frank,
_d1944-
_92095
245 1 3 _aLa española en el siglo XVI 1493-1520 :
_btrabajo, sociedad y política en la economía del oro /
_cFrank Moya Pons.
250 _a2a. ed.
264 1 _aSantiago, República Dominicana :
_bUCMM,
_c1973.
300 _a367 páginas ;
_c22 cm.
336 _2rdacontent
_atexto
_btxt
337 _2rdamedia
_asin mediación
_bn
338 _2rdacarrier
_avolumen
_bnc
490 _aEstudios
500 _aIncluye índice de nombres, lugares y materias mencionados en el texto
500 _aIncluye notas al pie de las páginas
504 _aBibliografía : p. 341-346
590 _aInventariado, 2023/BT
651 4 _aEspaña
_xCondiciones economicas
_919208
651 0 _aRepública Dominicana --
_xHistoria --
_yHasta, 1844
_9138
651 4 _aHaití
_xHistoria
_yHasta 1791
_959192
651 4 _aEspaña
_xColonias
_zAmérica
_xAdministración
_915196
710 2 _aPontificia Universidad Católica Madre y Maestra
_9843
910 _aBtavárez/Validado. Control de calidad MFF
942 _2ddc
_cLBS1
999 _c39018
_d39018